Score 0/22 Timer 02:00
0 Plays Today
Title Missing Word % Correct
Law & _____Order
98.3%
Sex and the _____ City
98.2%
Everybody Loves _____Raymond
96.3%
Will & _____Grace
94.8%
The _____ WingWest
93%
_____ DevelopmentArrested
91.1%
All in the _____Family
86.6%
_____ McBealAlly
86.5%
_____ Rock30
79.2%
The _____ GirlsGolden
79.1%
The _____ YearsWonder
69.4%
Title Missing Word % Correct
The Rockford _____Files
63.7%
Hill _____ BluesStreet
60.8%
L.A. _____Law
59.8%
____ MenMad
59.2%
Cagney & _____Lacey
59.1%
_____ FamilyModern
58.9%
Picket _____Fences
51.1%
_____ BrownMurphy
49.8%
Northern _____Exposure
49.1%
_____ BlueNYPD
47.6%
_____ MillerBarney
39.8%

Today's Daily Dose

Missing Word
'T' Pairs

Word Ladder
Game Pieces

Get the Picture
Baseball Movies

Remove Ads.
Support Sporcle.
Get the best of Sporcle when you Go Orange. This ad-free experience offers more features, more stats, and more fun while also helping to support Sporcle. Thank you for becoming a member.

You're not logged in!

Compare scores with friends on all Sporcle quizzes.
OR
Log In

Show Comments

Extras

Top Quizzes Today


Score Distribution

Your Account Isn't Verified!

In order to create a playlist on Sporcle, you need to verify the email address you used during registration. Go to your Sporcle Settings to finish the process.

Report this User

Report this user for behavior that violates our Community Guidelines.

Details: